[Event "London SCCU op"]
[Site "London"]
[Date "1995.08.14"]
[Round "1"]
[White "Chowdhuri, Adway"]
[Black "Cheshire, Paul L"]
[Result "1-0"]
[WhiteElo "1688"]
[BlackElo "1512"]
[PlyCount "53"]
[EventDate "1995.08.14"]
[EventType "swiss"]
[EventRounds "9"]
[EventCountry "ENG"]
[SourceTitle "EXT 1999"]
[Source "ChessBase"]
[SourceDate "1998.11.16"]
[SourceVersion "1"]
[SourceVersionDate "1998.11.16"]
[SourceQuality "1"]

1. e4 d5 2. exd5 Qxd5 3. Nc3 Qd8 4. d4 g6 5. h3 Bg7 6. Nf3 Nc6 7. Be3 Nf6 8. Bc4 0-0 9. 0-0 a6 10. a3 b5 11. Ba2 Bb7 12. Re1 b4 13. Na4 Ne4 14. d5 Ne5 15. Nxe5 Bxe5 16. Bh6 f5 17. Bxf8 Qxf8 18. f3 Bg3 19. fxe4 Bxe1 20. Qxe1 fxe4 21. Qxe4 Rb8 22. d6+ Kh8 23. Qe5+ Qf6 24. Qxf6+ exf6 25. dxc7 Re8 26. Nc5 Bc6 27. Rd1 1-0

[Event "London SCCU op"]
[Site "London"]
[Date "1995.08.??"]
[Round "6"]
[White "Szabo, Peter"]
[Black "Chowdhuri, Adway"]
[Result "0-1"]
[WhiteElo "1672"]
[BlackElo "1688"]
[PlyCount "82"]
[EventDate "1995.08.14"]
[EventType "swiss"]
[EventRounds "9"]
[EventCountry "ENG"]
[SourceTitle "EXT 1999"]
[Source "ChessBase"]
[SourceDate "1998.11.16"]
[SourceVersion "1"]
[SourceVersionDate "1998.11.16"]
[SourceQuality "1"]

1. e4 e6 2. d4 d5 3. Nc3 Nf6 4. e5 Nfd7 5. f4 c5 6. Nf3 Nc6 7. Ne2 Be7 8. c3 0-0 9. Be3 cxd4 10. Nexd4 Nxd4 11. cxd4 Nb6 12. b3 Bd7 13. Bd3 Rc8 14. Bd2 f6 15. 0-0 f5 16. Qe1 Qe8 17. a4 Bc6 18. Bb4 Bxb4 19. Qxb4 h6 20. a5 Nd7 21. Rfc1 Rf7 22. Rc2 Nb8 23. Rac1 Rfc7 24. Qd6 Rd7 25. Qc5 a6 26. b4 Rdc7 27. Bf1 Qd8 28. Qc3 Ba4 29. Qxc7 Rxc7 30. Rxc7 Bc6 31. R7xc6 Nxc6 32. b5 axb5 33. a6 Qb6 34. axb7 Qxb7 35. Rc5 b4 36. Bb5 Na7 37. Ba4 b3 38. Bxb3 Qxb3 39. Rc7 Nb5 40. Re7 Qd1+ 41. Kf2 Nxd4 0-1